00434nam a2200085Ia 4500008004100000245017300041260000900214300010500223650002000328180130s9999 xx 000 0 und d cYamato, Yoji; Muroi, Masahito; Tanaka, Kentaro; Uchimura, MitsutomoaDevelopment of template management technology for easy deployment of virtual resources on OpenStack c2016 aBook title: Networking, models and methods of cloud computing--Acession number C20732; pages 172-183 aCLOUD COMPUTING